000 00411nam a2200157Ia 4500
008 230711s9999||||xx |||||||||||||| ||und||
041 _aENG
082 _a624
_bSH-L
100 _aShah,KM
245 0 _aLimit state theory and design of reinforced concrete
250 _a4th . . . Ed.
260 _c2003
_aNew Delhi
_bSterling Publishers Pvt.Ltd
650 _aCivil Engineering
700 _aKarve
942 _cBK
999 _c4282
_d4282